Dads are special, too. (Record no. 14714)

000 -LEADER
fixed length control field 00597nam a2200205 a 4500
001 - CONTROL NUMBER
control field :::00012547$&:&@@
003 - CONTROL NUMBER IDENTIFIER
control field OkBaRHE
005 - DATE AND TIME OF LATEST TRANSACTION
control field 20000607103420.0
008 - FIXED-LENGTH DATA ELEMENTS--GENERAL INFORMATION
fixed length control field s1985 j 000 0 eng u
040 ## - CATALOGING SOURCE
Transcribing agency
100 1# - MAIN ENTRY--PERSONAL NAME
Personal name Purdy, John David.
245 10 - TITLE STATEMENT
Title Dads are special, too.
260 ## - PUBLICATION, DISTRIBUTION, ETC. (IMPRINT)
Place of publication, distribution, etc Wheaton, IL., :
Name of publisher, distributor, etc Tyndale House Publishers
Date of publication, distribution, etc c1985
300 ## - PHYSICAL DESCRIPTION
Extent 106 p. : illus. ;
Dimensions 21 cm.
650 ## - SUBJECT ADDED ENTRY--TOPICAL TERM
Topical term or geographic name as entry element Father and Child
650 ## - SUBJECT ADDED ENTRY--TOPICAL TERM
Topical term or geographic name as entry element Fathers
650 ## - SUBJECT ADDED ENTRY--TOPICAL TERM
Topical term or geographic name as entry element Parenting
942 ## - ADDED ENTRY ELEMENTS (KOHA)
Source of classification or shelving scheme
Koha item type Books
Copies
Full call number Damaged status Barcode Withdrawn status Date acquired Not for loan Source of classification or shelving scheme Shelving location Lost status Copy number Price effective from Koha item type Permanent Location Date last seen
HQ 756 .P87 12547 2010-04-14  General Stacks 12010-04-14BooksRHEMA Bible Training College2010-04-14